| 000 | 02343cam a22006134i 4500 | ||
|---|---|---|---|
| 003 | PE-LiUPU | ||
| 005 | 20250731170452.0 | ||
| 008 | 150706s2010 sp rb 000 0 spa d | ||
| 020 | _a8436260554 | ||
| 020 | _a9788436260557 | ||
| 035 | _a(Sirsi) i9788436260557 | ||
| 040 |
_aPE-LiUPU _bspa _cPE-LiUPU _dPE-LiUPU _erda |
||
| 049 | _aPRUA | ||
| 082 | 0 | 4 |
_a150.7 _bF9 _221 |
| 245 | 0 | 0 |
_aFundamentos de investigación en psicología / _ceditores, Sofía Fontes de Gracia, [y otros cinco]. |
| 264 | 1 |
_aMadrid : _bUniversidad Nacional de Educación a Distancia, _c2010. |
|
| 300 |
_a507 páginas ; _c24 centímetros. |
||
| 336 |
_atext _2rdacontent |
||
| 337 |
_aunmediated _2rdamedia |
||
| 338 |
_avolume _2rdacarrier |
||
| 490 | 0 | _aColección Grado | |
| 504 | _aIncluye referencias bibliográficas. | ||
| 505 | 0 | _aLa investigación científica en Psicología -- Estrategias, diseños y técnicas -- naturaleza del control -- La valildez de la investigación -- Método y diseños experimentales -- La investigación cuasi experimental -- Diseño de caso único -- Diseños de investigación expost facto -- La encuesta -- La observación -- La investigación cualitativa: Características -- Informe de investigación y ética en el proceso investigador. | |
| 526 | _aSEG68 | ||
| 526 | _aSEG70 | ||
| 526 | _aSEG69 | ||
| 526 | _aSEG67 | ||
| 526 | _aSEG43 | ||
| 526 | _aP144 | ||
| 526 | _aP143 | ||
| 526 | _aP131 | ||
| 526 | _aP122 | ||
| 526 | _aP120 | ||
| 526 | _aP117 | ||
| 526 | _aP112 | ||
| 526 | _aP110 | ||
| 526 | _aP106 | ||
| 526 | _aP101 | ||
| 526 | _aP80 | ||
| 526 | _aP59 | ||
| 526 | _aP54 | ||
| 526 | _aP35 | ||
| 526 | _aP33 | ||
| 526 | _aP30 | ||
| 541 | _g001-003364; | ||
| 650 | 0 | 4 |
_aPsicología _xMetodología. |
| 700 | 1 |
_aFontes de Gracia, Sofía, _eeditor. |
|
| 910 | _agl20110906 | ||
| 942 |
_2ddc _cBOOK |
||
| 949 |
_a150.7 F9 _wDEWEY _c1 _i63592 _lCCODEBUL1 _mBUL _p56.00 _r0 _sY _tBOOK _u2015-7-6 _xSALUD _PP33 _o.STAFF. Colección Ciencias de la Salud |
||
| 994 |
_aC0 _bPEPRU |
||
| 596 | _a1 | ||
| 999 |
_a150.7 F9 _wDEWEY _c52498 _i63592 _d52498 _e2018-4-8 _f2021-11-3 _g5 _lCCODEBUL1 _mBUL _n2 _p56.00 _q1 _r0 _sY _tBOOK _u2015-7-6 _xSALUD _zP33 _0COMPRA _o.STAFF. Colección Ciencias de la Salud |
||
| 980 |
_81 _gALBERTO SANCHEZ Responsable de Automatización |
||